00511pam a2200157 a 4500020002000000041000800020082001600028100001900044245005800063260003500121300000900156700001700165930000900182999001700191952014500208 a9780121245481c aeng a571.64bBRA aBradshaw, R A. aHandbook of Cell Signaling, Vol-IIhTextual Documents aNew YorkbAcademic Pressc2004 a899. aDennis, E A. a3496 c76762d76762 001040708ReferenceaPCPbPCPd2020-02-07eSai Book Centreg45375.00l0o571.64 BRApPCP-PHRD-6768r2023-02-24 00:00:00t1w2023-02-24yBK